ARRUPE JESUIT UNIVERSITY

CORONAVIRUS -STOP THE SPREAD - CLEAN,DISINFECT,COVER

Ricoeur on time and narrative : (Record no. 124125)

MARC details
000 -LEADER
fixed length control field 01395cam a22003374a 4500
001 - CONTROL NUMBER
control field 16831751
003 - CONTROL NUMBER IDENTIFIER
control field ARRUPE
005 - DATE AND TIME OF LATEST TRANSACTION
control field 20160209143208.0
008 - FIXED-LENGTH DATA ELEMENTS--GENERAL INFORMATION
fixed length control field 110617s2011 inu b 001 0 eng
010 ## - LIBRARY OF CONGRESS CONTROL NUMBER
LC control number 2011025674
020 ## - INTERNATIONAL STANDARD BOOK NUMBER
International Standard Book Number 9780268026080 (pbk. : alk. paper)
020 ## - INTERNATIONAL STANDARD BOOK NUMBER
International Standard Book Number 0268026084 (pbk. : alk. paper)
040 ## - CATALOGING SOURCE
Original cataloging agency DLC
Transcribing agency DLC
Modifying agency DLC
042 ## - AUTHENTICATION CODE
Authentication code pcc
050 00 - LIBRARY OF CONGRESS CALL NUMBER
Classification number PN212
Item number .R5236 2011
082 00 - DEWEY DECIMAL CLASSIFICATION NUMBER
Classification number 809/.923
Edition number 23
300 ## - PHYSICAL DESCRIPTION
Dimensions 23 cm.
100 1# - MAIN ENTRY--PERSONAL NAME
Personal name Dowling, William C.
9 (RLIN) 22160
245 10 - TITLE STATEMENT
Title Ricoeur on time and narrative :
Remainder of title an introduction to Temps et récit /
Statement of responsibility, etc William Dowling.
260 ## - PUBLICATION, DISTRIBUTION, ETC. (IMPRINT)
Place of publication, distribution, etc Notre Dame, Ind. :
Name of publisher, distributor, etc University of Notre Dame Press,
Date of publication, distribution, etc c2011.
300 ## - PHYSICAL DESCRIPTION
Extent xiii, 121 p. ;
504 ## - BIBLIOGRAPHY, ETC. NOTE
Bibliography, etc Includes bibliographical references and index.
505 0# - FORMATTED CONTENTS NOTE
Formatted contents note Mimesis -- Time -- Narrativity -- Semantics of action -- Poetics of history -- Poetics of fiction -- Appendix : Paul Ricoeur : a philosophical journey.
600 10 - SUBJECT ADDED ENTRY--PERSONAL NAME
Personal name Ricœur, Paul.
Title of a work Temps et récit.
9 (RLIN) 22161
650 #0 - SUBJECT ADDED ENTRY--TOPICAL TERM
Topical term or geographic name as entry element Mimesis in literature.
9 (RLIN) 1889
650 #0 - SUBJECT ADDED ENTRY--TOPICAL TERM
Topical term or geographic name as entry element Time in literature.
9 (RLIN) 22162
650 #0 - SUBJECT ADDED ENTRY--TOPICAL TERM
Topical term or geographic name as entry element Narration (Rhetoric)
9 (RLIN) 22163
650 #0 - SUBJECT ADDED ENTRY--TOPICAL TERM
Topical term or geographic name as entry element Plots (Drama, novel, etc.)
9 (RLIN) 22164
906 ## - LOCAL DATA ELEMENT F, LDF (RLIN)
a 7
b cbc
c orignew
d 1
e ecip
f 20
g y-gencatlg
942 ## - ADDED ENTRY ELEMENTS (KOHA)
Source of classification or shelving scheme Library of Congress Classification
Koha item type Monograph ( Printed materials)
Holdings
Withdrawn status Lost status Source of classification or shelving scheme Damaged status Not for loan Collection code Home library Current library Shelving location Date acquired Total Checkouts Full call number Barcode Date last seen Price effective from Koha item type
    Library of Congress Classification     Main Collection ARRUPE LIBRARY ARRUPE LIBRARY Main Collection 09/02/2016   PN212 .R5236 2011 46500006201 27/03/2019 09/02/2016 Monograph ( Printed materials)

 

Arrupe Library. PO Box MP320 Mt Pleasant, Harare, Zimbabwe
263 242 745411|librarian@aju.ac.zw